000 02402 a2200349 4500
001 32022
005 20260407155621.0
008 260407a2015 arg spa d
003 AR-UNSa-BCEJYS
040 _aAR-UNSa-BCEJYS
_bspa
_cAR-UNSa-BCEJYS
080 _a347.1/7(094.4)
_xCódigo Civil y Comercial
245 1 0 _aNuevo Código Civil y Comercial de la Nación
_pAspectos tributarios. Comerciales y empresariales. Contables
264 1 _aBuenos Aires :
_bErreius
_c2015
300 _a112 p.
_c26 cm.
505 _a1. El nuevo Código. Cambios en derecho de familia. Aproximación a algunas de sus consecuencias tributarias / Jorge Gebhardt y Rubén H. Malvitano - 2. Implicancias en los tributos locales, con especial referencia al impuesto de sellos / Fernando D. García - 3. La prescripción de los tributos locales / Silvina E. Coronello y Fabiana Iglesias Araujo - 4. Un aporte a los conflictos que se aproximan sobre la prescripción en los tributos locales / Antonio J. Cricco y Gabriel E. Ludueña - 5. Código Civil y Comercial de la Nación. Novedades en materia patrimonial, comercial, empresarial y tributaria / Ariel A. Neuman - 6. Reflexiones sobre la llamada "nueva pesificación" de los contratos en la Argentina, según el nuevo Código Civil y Comercial de la Nación unificado / Germán D. Mozzi - 7. Apuntes sobre algunos aspectos relevantes del proyecto de Código Civil y Comercial de la Nación unificado y el contrato de fideicomiso / Claudia E. Raisberg - 8. La sociedad unipersonal / Efraín H. Richard - 9. Registros contables y estados contables / Armando M. Casal - 10. Contabilidad,documentación y libros según la ley de sociedades comerciales y los antecedentes en el Código de Comercio / Armando M. Casal
041 _aspa
942 _cBK
590 _aniveau_biblio:m niveau_hierar:0
100 1 _aMalvitano, Rubén H.
700 1 _aGebhardt, Jorge
700 1 _aGarcía, Fernando D.
700 1 _aCoronello, Silvina E.
700 1 _aIglesias Araujo, Fabiana
700 1 _aCricco, Antonio J.
700 1 _aLudueña, Gabriel E.
700 1 _aNeuman, Ariel A.
700 1 _aMozzi, Germán D.
700 1 _aRaisberg, Claudia E.
700 1 _aRichard, Efraín Hugo
700 1 _aCasal, Armando Miguel
856 4 1 _uhttps://biblioeco.unsa.edu.ar/pmb/images/libros/Codigo civil y comercial de la nacion-l125144.jpg
_yImagen de portada
_qimage/jpeg
999 _c2235
_d2235